Rice genetics IV
Guardat en:
| Autor principal: | |
|---|---|
| Format: | Llibre |
| Idioma: | Undetermined |
| Publicat: |
Manila, Philippines
IRRI
2001
|
| Matèries: | |
| Etiquetes: |
Afegir etiqueta
Sense etiquetes, Sigues el primer a etiquetar aquest registre!
|
| Thư viện lưu trữ: | Trung tâm Học liệu Trường Đại học Cần Thơ |
|---|
| LEADER | 00482nam a2200181Ia 4500 | ||
|---|---|---|---|
| 001 | CTU_47288 | ||
| 008 | 210402s9999 xx 000 0 und d | ||
| 082 | |a 633.18 | ||
| 082 | |b R496 | ||
| 100 | |a Rice genetics IV | ||
| 245 | 0 | |a Rice genetics IV | |
| 245 | 0 | |c Edited by G. S. KHUSH, D. S. Brar, and B. Hardy | |
| 260 | |a Manila, Philippines | ||
| 260 | |b IRRI | ||
| 260 | |c 2001 | ||
| 650 | |a rice | ||
| 650 | |x genetics | ||
| 980 | |a Trung tâm Học liệu Trường Đại học Cần Thơ | ||